| 000 | 01090cab a2200229 4500 | ||
|---|---|---|---|
| 001 | ABS67560 | ||
| 008 | 040302n2004 000 0 eng u | ||
| 035 | _a(Sirsi) u125284 | ||
| 100 | _aPriestley, R. | ||
| 245 | 4 | _aThe new dance called electricity | |
| 260 | _c2004 | ||
| 490 |
_aJournal of the Law Society of Scotland _v(49) January 2004, 51(1) |
||
| 520 | _aArgues that the Crofting acts need to be simplified to allow landlords and tenants to benefit from wind farming payouts. The Crofters (Scotland) Act 1993 fails crofters in a number of ways with regard to wind farming. Firstly, that there are crofters complicates any already complex negotiations which means more time and more risk. Secondly, it is not clear if crofters can contract out of their own protections. The Western Isles have been endorsed by Energy Ministers as a suitable location for renewable energy production. | ||
| 590 | _aABS | ||
| 650 | _aCROFTING | ||
| 650 | _aRENEWABLE ENERGY | ||
| 650 | _aSCOTLAND | ||
| 650 | _aWIND FARMING | ||
| 650 | _aWIND FARMS | ||
| 690 |
_aRural _96268 |
||
| 942 | _n0 | ||
| 999 |
_c74204 _d74204 |
||